[Event "XtraCon-Skakligaen"]
[Site "Denmark"]
[Date "2008.11.02"]
[Round "2.1"]
[White "Matthiesen, Arne"]
[Black "Antonsen, Mikkel"]
[Result "1/2-1/2"]
[WhiteElo "2349"]
[BlackElo "2442"]
[PlyCount "41"]
[EventDate "2008.11.01"]
[EventType "team-tourn"]
[EventRounds "9"]
[EventCountry "DEN"]
[WhiteTeam "SK1968"]
[BlackTeam "Nastved"]
[WhiteTeamCountry "DEN"]
[BlackTeamCountry "DEN"]

1. Nf3 Nf6 2. c4 e6 3. d4 d5 4. Nc3 Bb4 5. e3 O-O 6. Bd3 b6 7. O-O Bb7 8. cxd5
exd5 9. Qc2 a6 10. b3 Nbd7 11. Bb2 Bd6 12. Ne2 Re8 13. Ng3 Ne4 14. Rac1 Rc8 15.
Rfd1 g6 16. Bxe4 dxe4 17. Ne5 Nf6 18. Ne2 Nd5 19. Nc3 Nxc3 20. Qxc3 Bd5 21. Nc4
1/2-1/2

[Event "XtraCon-Skakligaen"]
[Site "Denmark"]
[Date "2008.11.02"]
[Round "2.2"]
[White "Olsen, Nils Linde"]
[Black "Matthiesen, Martin"]
[Result "1-0"]
[WhiteElo "2256"]
[BlackElo "2298"]
[PlyCount "107"]
[EventDate "2008.11.01"]
[EventType "team-tourn"]
[EventRounds "9"]
[EventCountry "DEN"]
[WhiteTeam "Nastved"]
[BlackTeam "SK1968"]
[WhiteTeamCountry "DEN"]
[BlackTeamCountry "DEN"]

1. d4 Nf6 2. c4 g6 3. Nc3 Bg7 4. e4 d6 5. Nf3 O-O 6. Be2 e5 7. O-O Nc6 8. d5
Ne7 9. Ne1 Nd7 10. Be3 f5 11. f3 f4 12. Bf2 g5 13. b4 Nf6 14. c5 Ng6 15. Rc1
Rf7 16. b5 Bf8 17. b6 dxc5 18. bxc7 Rxc7 19. Nd3 b6 20. a4 Rg7 21. Nb2 h5 22.
h3 g4 23. fxg4 hxg4 24. hxg4 Nh8 25. Bh4 Rh7 26. Qe1 Ng6 27. Bg5 Bg7 28. d6 Qf8
29. Rd1 Bd7 30. Nd5 Nxd5 31. Bc4 Kh8 32. Bxd5 Rb8 33. Qe2 Bf6 34. Bxf6+ Qxf6
35. Rd3 Kg7 36. Rh3 Qxd6 37. Rd1 Qe7 38. Rxh7+ Kxh7 39. Rd3 Kg7 40. Rh3 Rh8 41.
Nd3 Bxa4 42. Rh5 Bd7 43. g5 Be8 44. Nf2 b5 45. Rxh8 Nxh8 46. Qg4 Bf7 47. Qh4
Bxd5 48. Qh6+ Kg8 49. exd5 Nf7 50. Qg6+ Kf8 51. Ne4 c4 52. Nf6 Qd8 53. Nh7+ Ke8
54. Qc6+ 1-0

[Event "XtraCon-Skakligaen"]
[Site "Denmark"]
[Date "2008.11.02"]
[Round "2.3"]
[White "Sobjerg, Erik"]
[Black "Flindt, Thomas"]
[Result "1-0"]
[WhiteElo "2304"]
[BlackElo "2179"]
[PlyCount "73"]
[EventDate "2008.11.01"]
[EventType "team-tourn"]
[EventRounds "9"]
[EventCountry "DEN"]
[WhiteTeam "SK1968"]
[BlackTeam "Nastved"]
[WhiteTeamCountry "DEN"]
[BlackTeamCountry "DEN"]

1. e4 Nc6 2. Nc3 d6 3. d4 e5 4. Bb5 Bd7 5. Nf3 exd4 6. Nxd4 Qf6 7. Be3 Qg6 8.
O-O Nf6 9. f3 a6 10. Nxc6 Bxc6 11. Bxc6+ bxc6 12. Qd4 Be7 13. Qa4 O-O 14. Qxc6
Rab8 15. b3 Nh5 16. Nd5 Bh4 17. Qxa6 f5 18. Qc4 Kh8 19. Rad1 f4 20. Bf2 Ng3 21.
Nxf4 Rxf4 22. hxg3 Bxg3 23. Qxc7 Rbf8 24. Qxd6 Bxf2+ 25. Rxf2 Qg3 26. Rd5 h6
27. Rf5 R8xf5 28. exf5 Qh4 29. Re2 Rxf5 30. Re8+ Kh7 31. Qd3 Kg6 32. Re6+ Kg5
33. Qd8+ Rf6 34. Qd5+ Rf5 35. Qd2+ Qf4 36. Qxf4+ Rxf4 37. Re5+ 1-0

[Event "XtraCon-Skakligaen"]
[Site "Denmark"]
[Date "2008.11.02"]
[Round "2.4"]
[White "Schyberg, Brian"]
[Black "Lindfeldt, Jan Magnus"]
[Result "0-1"]
[WhiteElo "2135"]
[BlackElo "2249"]
[PlyCount "88"]
[EventDate "2008.11.01"]
[EventType "team-tourn"]
[EventRounds "9"]
[EventCountry "DEN"]
[WhiteTeam "Nastved"]
[BlackTeam "SK1968"]
[WhiteTeamCountry "DEN"]
[BlackTeamCountry "DEN"]

1. Nf3 g6 2. c4 Bg7 3. Nc3 Nf6 4. g3 O-O 5. Bg2 c5 6. O-O Nc6 7. d4 cxd4 8.
Nxd4 Ng4 9. e3 Nge5 10. b3 d6 11. h3 Qa5 12. Bb2 Nxd4 13. exd4 Nc6 14. Nd5 e6
15. Bc3 Qd8 16. Nb4 Ne7 17. Qd2 Nf5 18. Rad1 h5 19. Rfe1 Qc7 20. Nc2 Bh6 21.
Qd3 Qd8 22. b4 d5 23. c5 Bd7 24. b5 a6 25. a4 axb5 26. axb5 Qe8 27. Rb1 Ra2 28.
b6 Ne7 29. Nb4 Ra3 30. Bxd5 exd5 31. Nxd5 Nxd5 32. Rxe8 Rxe8 33. Qf1 Nxc3 34.
Re1 Rxe1 35. Qxe1 Bc6 36. g4 hxg4 37. hxg4 Bf4 38. f3 Nd5 39. Qb1 Rxf3 40. Kg2
Nc3 41. Qb4 Rg3+ 42. Kf2 Rg2+ 43. Kf1 Nd5 44. Qa3 Ne3+ 0-1

[Event "XtraCon-Skakligaen"]
[Site "Denmark"]
[Date "2008.11.02"]
[Round "2.5"]
[White "Hansen, Bjarne"]
[Black "Hansen, Martin"]
[Result "1-0"]
[WhiteElo "2257"]
[BlackElo "2125"]
[PlyCount "79"]
[EventDate "2008.11.01"]
[EventType "team-tourn"]
[EventRounds "9"]
[EventCountry "DEN"]
[WhiteTeam "SK1968"]
[BlackTeam "Nastved"]
[WhiteTeamCountry "DEN"]
[BlackTeamCountry "DEN"]

1. d4 d5 2. c4 c6 3. Nf3 Nf6 4. Nc3 e6 5. Bg5 Nbd7 6. e3 Qa5 7. Nd2 Bb4 8. Qc2
O-O 9. Be2 c5 10. O-O cxd4 11. Nb3 Qb6 12. Nxd4 dxc4 13. Bh4 a6 14. Rfd1 Bd6
15. Rac1 Qc7 16. Kh1 Be5 17. Bf3 Kh8 18. Nce2 Nb6 19. b3 Bd7 20. Qb1 Rac8 21.
bxc4 Ba4 22. c5 Nbd5 23. Nb3 Rfd8 24. Ned4 Ne7 25. Rc4 Be8 26. Rdc1 Nc6 27. Qb2
Rb8 28. Qa3 Rdc8 29. Be2 Na7 30. f4 Bxd4 31. Nxd4 Nb5 32. Qb2 Ne4 33. Nxe6 fxe6
34. Rxe4 Qf7 35. Rf1 Bc6 36. Re5 Nc7 37. Bh5 Qd7 38. Rd1 Nd5 39. e4 g6 40.
Rexd5+ 1-0

[Event "XtraCon-Skakligaen"]
[Site "Denmark"]
[Date "2008.11.02"]
[Round "2.6"]
[White "Vovk, Oksana"]
[Black "Hansen, Lars"]
[Result "1-0"]
[WhiteElo "2142"]
[BlackElo "2212"]
[PlyCount "97"]
[EventDate "2008.11.01"]
[EventType "team-tourn"]
[EventRounds "9"]
[EventCountry "DEN"]
[WhiteTeam "Nastved"]
[BlackTeam "SK1968"]
[WhiteTeamCountry "DEN"]
[BlackTeamCountry "DEN"]

1. d4 g6 2. Bg5 Bg7 3. Nf3 h6 4. Bh4 d6 5. c4 Nf6 6. Nc3 O-O 7. Qc2 Nc6 8. Rd1
Bf5 9. e4 Bg4 10. Ne2 g5 11. Bg3 Nh5 12. d5 Nb4 13. Qd2 a5 14. h4 f5 15. hxg5
fxe4 16. Ned4 exf3 17. gxh6 Bxd4 18. Qg5+ Kh7 19. Qxg4 Nxg3 20. fxg3 f2+ 21.
Kd2 Be5 22. a3 Qc8 23. Qe4+ Qf5 24. Qxf5+ Rxf5 25. axb4 Rf6 26. Bd3+ Kh8 27.
bxa5 Bxb2 28. Rb1 Bd4 29. Rxb7 Rff8 30. Rb5 Rg8 31. Rh3 Rgf8 32. Rh1 Rg8 33.
Rh3 Rgf8 34. Bf1 Rfb8 35. Kd3 Bc5 36. g4 Rxb5 37. cxb5 Rxa5 38. Ke4 Ra4+ 39.
Kf5 Ra1 40. Kg6 Bd4 41. Rf3 Ra8 42. g5 Kg8 43. Kh5 Rf8 44. Rxf8+ Kxf8 45. g6
Kg8 46. g4 Be3 47. g5 Bd4 48. Bh3 Kf8 49. g7+ 1-0

[Event "XtraCon-Skakligaen"]
[Site "Denmark"]
[Date "2008.11.02"]
[Round "2.7"]
[White "Riis, Jens"]
[Black "Pedersen, Dimon Paul"]
[Result "1-0"]
[WhiteElo "2163"]
[BlackElo "2095"]
[PlyCount "49"]
[EventDate "2008.11.01"]
[EventType "team-tourn"]
[EventRounds "9"]
[EventCountry "DEN"]
[WhiteTeam "SK1968"]
[BlackTeam "Nastved"]
[WhiteTeamCountry "DEN"]
[BlackTeamCountry "DEN"]

1. d4 Nf6 2. Nf3 g6 3. Bf4 Bg7 4. e3 O-O 5. Be2 d6 6. h3 Nbd7 7. O-O Qe8 8. c4
e5 9. Bh2 Qe7 10. Nc3 c6 11. Rc1 Rd8 12. b4 c5 13. bxc5 dxc5 14. Nxe5 cxd4 15.
exd4 Bh6 16. Rb1 Nxe5 17. Bxe5 Be6 18. Re1 Rac8 19. d5 Ne8 20. Bd3 Qd7 21. dxe6
Qxd3 22. exf7+ Kxf7 23. Rxb7+ Kg8 24. Nd5 Qa3 25. Qg4 1-0

[Event "XtraCon-Skakligaen"]
[Site "Denmark"]
[Date "2008.11.02"]
[Round "2.8"]
[White "Norgaard, Kim"]
[Black "Christensen, Thomas"]
[Result "0-1"]
[WhiteElo "2115"]
[BlackElo "2245"]
[PlyCount "59"]
[EventDate "2008.11.01"]
[EventType "team-tourn"]
[EventRounds "9"]
[EventCountry "DEN"]
[WhiteTeam "Nastved"]
[BlackTeam "SK1968"]
[WhiteTeamCountry "DEN"]
[BlackTeamCountry "DEN"]

1. e4 c5 2. d4 cxd4 3. c3 d3 4. Bxd3 d6 5. Nf3 Nc6 6. h3 Nf6 7. Bg5 e6 8. O-O
Be7 9. Nbd2 O-O 10. Qe2 Qc7 11. Nb3 b6 12. Nfd4 Bb7 13. f4 Rfe8 14. Rae1 a6 15.
e5 Nd7 16. Nxe6 fxe6 17. Qh5 Nf8 18. f5 Nxe5 19. fxe6 g6 20. Qh6 Bxg5 21. Qxg5
Nxe6 22. Qf6 Qe7 23. Bc2 Qxf6 24. Rxf6 Kg7 25. Ref1 Bd5 26. Nd4 Nxd4 27. cxd4
Nf7 28. Bb3 Bxb3 29. axb3 Re7 30. Rc1 0-1

[Event "XtraCon-Skakligaen"]
[Site "Denmark"]
[Date "2008.12.07"]
[Round "3.1"]
[White "Antonsen, Mikkel"]
[Black "Lund, Silas"]
[Result "1-0"]
[WhiteElo "2442"]
[BlackElo "2425"]
[PlyCount "165"]
[EventDate "2008.11.01"]
[EventType "team-tourn"]
[EventRounds "9"]
[EventCountry "DEN"]
[WhiteTeam "Nastved"]
[BlackTeam "K41"]
[WhiteTeamCountry "DEN"]
[BlackTeamCountry "DEN"]

1. d4 d6 2. Nf3 g6 3. Bg5 Bg7 4. c3 h6 5. Bh4 Nf6 6. e3 g5 7. Bg3 Nh5 8. Nfd2
Nxg3 9. hxg3 Nd7 10. Bd3 c5 11. Na3 a6 12. Nc2 Qc7 13. a4 b6 14. O-O O-O 15. f4
gxf4 16. gxf4 d5 17. Ne1 f5 18. g4 fxg4 19. Qxg4 Ne5 20. Qg2 Nxd3 21. Qxd5+ e6
22. Qxa8 Bb7 23. Qxb7 Qxb7 24. Nxd3 Kh7 25. Kf2 Bf6 26. Rg1 Qc6 27. a5 cxd4 28.
exd4 b5 29. Ke3 Qd5 30. Ne4 Be7 31. Ne5 Rg8 32. Rh1 Rg2 33. Rag1 Re2+ 34. Kxe2
Qxe4+ 35. Kd1 Qb1+ 36. Kd2 Qxb2+ 37. Kd3 b4 38. cxb4 Qb3+ 39. Ke4 Qc2+ 40. Kf3
Qc3+ 41. Ke4 Qc2+ 42. Kf3 Qc3+ 43. Kg4 Qxd4 44. Rd1 Qf2 45. Kh3 Qxf4 46. Rhe1
Qxb4 47. Nf3 Qf4 48. Rf1 Bd6 49. Ng5+ Qxg5 50. Rxd6 h5 51. Rd7+ Kh6 52. Rdf7
Qxa5 53. Kh4 Qg5+ 54. Kh3 Qg4+ 55. Kh2 a5 56. R1f6+ Kg5 57. Rf2 Qh4+ 58. Kg1
Qd4 59. Kf1 a4 60. Rg2+ Kh6 61. Re2 Kg6 62. Rff2 Qd5 63. Kg1 h4 64. Rg2+ Kh5
65. Kh2 a3 66. Kh3 e5 67. Rd2 Qf3+ 68. Kh2 Qf4+ 69. Kh3 Qf5+ 70. Kh2 e4 71.
Rde2 Qf4+ 72. Kh3 Qf3+ 73. Kh2 e3 74. Rc2 h3 75. Rg3 Qf2+ 76. Rxf2 exf2 77.
Rxh3+ Kg4 78. Rg3+ Kf4 79. Rg8 a2 80. Ra8 Kf3 81. Ra3+ Ke2 82. Rxa2+ Kf3 83.
Ra1 1-0

[Event "XtraCon-Skakligaen"]
[Site "Denmark"]
[Date "2008.12.07"]
[Round "3.2"]
[White "Greger, Roland Reinhard"]
[Black "Olsen, Nils Linde"]
[Result "1-0"]
[WhiteElo "2385"]
[BlackElo "2256"]
[PlyCount "57"]
[EventDate "2008.11.01"]
[EventType "team-tourn"]
[EventRounds "9"]
[EventCountry "DEN"]
[WhiteTeam "K41"]
[BlackTeam "Nastved"]
[WhiteTeamCountry "DEN"]
[BlackTeamCountry "DEN"]

1. e4 c5 2. c3 d5 3. exd5 Qxd5 4. d4 Nc6 5. Nf3 Bg4 6. dxc5 Qxd1+ 7. Kxd1 e5 8.
b4 e4 9. h3 Bxf3+ 10. gxf3 exf3 11. Bd3 Nf6 12. Re1+ Be7 13. Kc2 Kf8 14. Nd2
Nd5 15. Nxf3 Bf6 16. Bd2 g6 17. b5 Nd8 18. Ne5 Kg7 19. Bc4 Nc7 20. Ng4 h5 21.
Nxf6 Kxf6 22. Bf4 Nde6 23. Be5+ Kf5 24. Bxh8 Rxh8 25. b6 axb6 26. cxb6 Na8 27.
Bxe6+ fxe6 28. Rab1 Rc8 29. Rb5+ 1-0

[Event "XtraCon-Skakligaen"]
[Site "Denmark"]
[Date "2008.12.07"]
[Round "3.3"]
[White "Flindt, Thomas"]
[Black "Hansen, Jacob Ost"]
[Result "0-1"]
[WhiteElo "2179"]
[BlackElo "2403"]
[PlyCount "64"]
[EventDate "2008.11.01"]
[EventType "team-tourn"]
[EventRounds "9"]
[EventCountry "DEN"]
[WhiteTeam "Nastved"]
[BlackTeam "K41"]
[WhiteTeamCountry "DEN"]
[BlackTeamCountry "DEN"]

1. e4 c6 2. d4 d5 3. Nc3 g6 4. e5 Bg7 5. Bf4 Nd7 6. h4 f6 7. Nf3 Nf8 8. Qd2 Ne6
9. Be3 h5 10. Bd3 Kf7 11. O-O-O Nh6 12. exf6 exf6 13. Nh2 Nf8 14. f3 Nf5 15.
Bxf5 Bxf5 16. g4 Be6 17. Ne2 hxg4 18. Nxg4 Qd7 19. Rdg1 Bxg4 20. Rxg4 Re8 21.
Rhg1 Qe7 22. Bf4 Qxe2 23. Qb4 f5 24. R4g2 Qxf3 25. Bd6 b6 26. a3 Qe3+ 27. Kb1
Qxd4 28. Bxf8 Rhxf8 29. Rxg6 Bf6 30. Qb3 Re3 31. c3 Qe4+ 32. Ka1 Re1+ 0-1

[Event "XtraCon-Skakligaen"]
[Site "Denmark"]
[Date "2008.12.07"]
[Round "3.4"]
[White "Olesen, Martin"]
[Black "Hansen, Evgenia Peicheva"]
[Result "1/2-1/2"]
[WhiteElo "2312"]
[BlackElo "2140"]
[PlyCount "140"]
[EventDate "2008.11.01"]
[EventType "team-tourn"]
[EventRounds "9"]
[EventCountry "DEN"]
[WhiteTeam "K41"]
[BlackTeam "Nastved"]
[WhiteTeamCountry "DEN"]
[BlackTeamCountry "DEN"]

1. e4 d6 2. Nc3 Nf6 3. f4 e5 4. Nf3 Bg4 5. Bc4 Nc6 6. O-O Be7 7. d3 O-O 8. h3
Bxf3 9. Qxf3 Nd4 10. Qf2 c6 11. a4 Nd7 12. Be3 Ne6 13. fxe5 Nxe5 14. Bb3 a5 15.
d4 Nd7 16. Qf5 g6 17. Qg4 Nf6 18. Qf3 Qd7 19. Rad1 Bd8 20. e5 Ne8 21. d5 cxd5
22. Nxd5 N6g7 23. exd6 Nf5 24. Nb6 Bxb6 25. Bxb6 Nexd6 26. g4 Ra6 27. Qf2 Qc6
28. gxf5 Qxb6 29. Qxb6 Rxb6 30. fxg6 hxg6 31. Rf6 Nc8 32. Rxb6 Nxb6 33. Rd6 Nc8
34. Rxg6+ Kh7 35. Rf6 Kg7 36. Rf5 b6 37. Kf2 Nd6 38. Rd5 Ne4+ 39. Kf3 Nc5 40.
Rd6 Rb8 41. Rd5 Rh8 42. Kg4 Re8 43. Rg5+ Kf8 44. Bd5 Nxa4 45. h4 Rd8 46. h5 Ke7
47. h6 Rh8 48. Kh5 Nxb2 49. Rg7 a4 50. h7 Nd1 51. Kh6 Ne3 52. Rxf7+ Kd6 53. Ba2
Nxc2 54. Ra7 b5 55. Kg7 Rxh7+ 56. Kxh7 Nb4 57. Bb1 Kc5 58. Kg6 Nd5 59. Kf5 Kb4
60. Ke5 Nc3 61. Bh7 Kb3 62. Kd4 a3 63. Bg8+ Kb2 64. Rh7 a2 65. Rh2+ Ka3 66.
Bxa2 Nxa2 67. Kc5 b4 68. Kc4 b3 69. Rh8 Kb2 70. Rh3 Nc1 1/2-1/2

[Event "XtraCon-Skakligaen"]
[Site "Denmark"]
[Date "2008.12.07"]
[Round "3.5"]
[White "Schyberg, Brian"]
[Black "Naes, Flovin Tor"]
[Result "1/2-1/2"]
[WhiteElo "2135"]
[BlackElo "2259"]
[PlyCount "107"]
[EventDate "2008.11.01"]
[EventType "team-tourn"]
[EventRounds "9"]
[EventCountry "DEN"]
[WhiteTeam "Nastved"]
[BlackTeam "K41"]
[WhiteTeamCountry "DEN"]
[BlackTeamCountry "DEN"]

1. Nf3 d5 2. c4 e6 3. g3 Nf6 4. Bg2 Be7 5. O-O O-O 6. Qc2 c6 7. d3 Nbd7 8. Nbd2
Re8 9. b3 Bf8 10. Bb2 Qc7 11. Rac1 a5 12. a3 h6 13. Rfe1 Qb6 14. d4 Qc7 15. e4
dxe4 16. Nxe4 Nxe4 17. Qxe4 b6 18. Ne5 Nxe5 19. Qxe5 Bd6 20. Qh5 Bb7 21. Qg4
Bf8 22. Rc2 g6 23. d5 cxd5 24. Qd4 e5 25. Rxe5 Qxe5 26. Qxe5 Rxe5 27. Bxe5 Re8
28. f4 Bxa3 29. Bxd5 Bc5+ 30. Kg2 Bxd5+ 31. cxd5 Rd8 32. Rd2 f5 33. Kf3 Kf7 34.
Bc7 Rd7 35. d6 Ke6 36. h3 h5 37. g4 hxg4+ 38. hxg4 Bxd6 39. Bxb6 Rb7 40. Re2+
Kf7 41. Bxa5 Rxb3+ 42. Kg2 fxg4 43. Bd8 Bc5 44. Rc2 Bd4 45. Rd2 Be3 46. Re2 Rc3
47. Bg5 Bc5 48. Bh4 Rf3 49. Bg3 Bd6 50. Rf2 Rd3 51. Bh4 Ke6 52. Bg5 Kf5 53. Ra2
Bc5 54. Ra5 1/2-1/2

[Event "XtraCon-Skakligaen"]
[Site "Denmark"]
[Date "2008.12.07"]
[Round "3.6"]
[White "Clausen, Steen"]
[Black "Hansen, Martin"]
[Result "1/2-1/2"]
[WhiteElo "2224"]
[BlackElo "2125"]
[PlyCount "88"]
[EventDate "2008.11.01"]
[EventType "team-tourn"]
[EventRounds "9"]
[EventCountry "DEN"]
[WhiteTeam "K41"]
[BlackTeam "Nastved"]
[WhiteTeamCountry "DEN"]
[BlackTeamCountry "DEN"]

1. d4 d5 2. c4 c6 3. Nf3 Nf6 4. Nc3 e6 5. cxd5 exd5 6. Bg5 Nbd7 7. e3 Bd6 8.
Bd3 O-O 9. Qc2 Be7 10. O-O-O Re8 11. h4 Nf8 12. Bxf6 Bxf6 13. Rdg1 Be6 14. g4
c5 15. g5 Be7 16. h5 c4 17. Bxh7+ Nxh7 18. g6 fxg6 19. Qxg6 Bf6 20. h6 Nf8 21.
Qh5 g6 22. Ne5 Kh8 23. Qh2 Qb8 24. Qf4 Bxe5 25. dxe5 Qd8 26. e4 d4 27. Nd5 Bxd5
28. exd5 c3 29. e6 cxb2+ 30. Kb1 Qe7 31. Qxd4+ Kh7 32. f4 Nxe6 33. dxe6 Rad8
34. Qg7+ Qxg7 35. hxg7+ Kxg7 36. f5 Kf6 37. fxg6 Kxe6 38. Rh7 Rb8 39. Re1+ Kf6
40. Rxe8 Rxe8 41. Rxb7 Kxg6 42. Rxa7 Re2 43. a4 Kf6 44. Rd7 Re4 1/2-1/2

[Event "XtraCon-Skakligaen"]
[Site "Denmark"]
[Date "2008.12.07"]
[Round "3.7"]
[White "Vovk, Oksana"]
[Black "Laursen, Niels Norskov"]
[Result "0-1"]
[WhiteElo "2142"]
[BlackElo "2188"]
[PlyCount "88"]
[EventDate "2008.11.01"]
[EventType "team-tourn"]
[EventRounds "9"]
[EventCountry "DEN"]
[WhiteTeam "Nastved"]
[BlackTeam "K41"]
[WhiteTeamCountry "DEN"]
[BlackTeamCountry "DEN"]

1. d4 Nf6 2. c4 c5 3. d5 e6 4. Nc3 exd5 5. cxd5 d6 6. e4 g6 7. Bd3 Bg7 8. Nf3
a6 9. a4 Bg4 10. h3 Bxf3 11. Qxf3 Nbd7 12. Bf4 Qe7 13. O-O O-O 14. Rfe1 Ne5 15.
Qe2 Nxd3 16. Qxd3 Nd7 17. Rab1 Rac8 18. Qd2 Rfe8 19. Bh6 Qf6 20. Bxg7 Kxg7 21.
Rbd1 Rb8 22. Qe2 Ne5 23. Qe3 b5 24. axb5 axb5 25. f4 Nd7 26. g3 b4 27. Na4 Ra8
28. Ra1 Re7 29. Qd3 Rae8 30. Kg2 Qd4 31. Qxd4+ cxd4 32. Kf3 f5 33. e5 dxe5 34.
fxe5 Rxe5 35. Rxe5 Rxe5 36. Rd1 Rxd5 37. Kf4 Kf6 38. b3 Ne5 39. h4 h6 40. g4
Nxg4 41. Nb6 g5+ 42. hxg5+ hxg5+ 43. Kf3 Ne5+ 44. Kf2 Rd6 0-1

[Event "XtraCon-Skakligaen"]
[Site "Denmark"]
[Date "2008.12.07"]
[Round "3.8"]
[White "Larsen, Peter"]
[Black "Pedersen, Dimon Paul"]
[Result "1-0"]
[WhiteElo "2154"]
[BlackElo "2095"]
[PlyCount "85"]
[EventDate "2008.11.01"]
[EventType "team-tourn"]
[EventRounds "9"]
[EventCountry "DEN"]
[WhiteTeam "K41"]
[BlackTeam "Nastved"]
[WhiteTeamCountry "DEN"]
[BlackTeamCountry "DEN"]

1. e4 c5 2. Nc3 Nc6 3. Bb5 g6 4. Bxc6 dxc6 5. d3 e5 6. f4 Bg7 7. Nf3 Bg4 8. O-O
Nf6 9. Qe1 Bxf3 10. Rxf3 Nd7 11. f5 g5 12. Qg3 Bf6 13. b3 h5 14. Rf1 g4 15. Qe1
Bg5 16. Bxg5 Qxg5 17. Qc1 Qxc1 18. Rfxc1 Ke7 19. Nd1 Nb6 20. Ne3 f6 21. Kf2 Nc8
22. Rh1 Rg8 23. g3 Nd6 24. h3 gxh3 25. Rxh3 Rg5 26. Rah1 Rag8 27. Nf1 Rh8 28.
a4 a5 29. Nd2 b5 30. Nf3 Rg7 31. axb5 cxb5 32. Rxh5 Rxh5 33. Rxh5 a4 34. bxa4
bxa4 35. Rh8 Ne8 36. Nd2 a3 37. Rh1 Kd8 38. Ra1 Ra7 39. Ra2 Nd6 40. c4 Rh7 41.
Rxa3 Rh2+ 42. Ke3 Kc7 43. Nb1 1-0

[Event "XtraCon-Skakligaen"]
[Site "Denmark"]
[Date "2008.12.07"]
[Round "3.2"]
[White "Bromann, Thorbjorn"]
[Black "Berg, Emanuel"]
[Result "0-1"]
[WhiteElo "2421"]
[BlackElo "2623"]
[PlyCount "94"]
[EventDate "2008.11.01"]
[EventType "team-tourn"]
[EventRounds "9"]
[EventCountry "DEN"]
[WhiteTeam "Bronshoj"]
[BlackTeam "Helsinge"]
[WhiteTeamCountry "DEN"]
[BlackTeamCountry "DEN"]

1. e4 e6 2. d4 d5 3. exd5 exd5 4. Bd3 c5 5. dxc5 Bxc5 6. Nf3 Nf6 7. O-O O-O 8.
h3 Qd6 9. a3 Qg3 10. Ng5 h6 11. Kh1 Bxf2 12. Qf3 Qxf3 13. Nxf3 Bb6 14. Nc3 Be6
15. Na4 Bc7 16. Nc5 Nbd7 17. Be3 Nxc5 18. Bxc5 Rfc8 19. Bd4 Ne4 20. Rfe1 Bg3
21. Re2 Bf5 22. Rd1 Re8 23. Kg1 Bg6 24. c3 Re6 25. Rf1 Nxc3 26. Rxe6 Bxd3 27.
Re3 Bxf1 28. Kxf1 Ne4 29. Rb3 b6 30. Rb5 Rd8 31. a4 Bc7 32. Ke2 f6 33. Ne1 Kf7
34. Nd3 Ke6 35. Rb3 Be5 36. Ke3 g5 37. a5 Nd6 38. Bxe5 fxe5 39. axb6 Nc4+ 40.
Ke2 axb6 41. Rb4 Rd6 42. h4 e4 43. Nf2 Kf5 44. hxg5 hxg5 45. Nd1 Ke5 46. Rb5
Rc6 47. Rb3 d4 0-1

[Event "XtraCon-Skakligaen"]
[Site "Denmark"]
[Date "2008.12.07"]
[Round "3.3"]
[White "Glud, Jakob Vang"]
[Black "Hoi, Carsten"]
[Result "1/2-1/2"]
[WhiteElo "2444"]
[BlackElo "2371"]
[PlyCount "87"]
[EventDate "2008.11.01"]
[EventType "team-tourn"]
[EventRounds "9"]
[EventCountry "DEN"]
[WhiteTeam "Helsinge"]
[BlackTeam "Bronshoj"]
[WhiteTeamCountry "DEN"]
[BlackTeamCountry "DEN"]

1. c4 Nc6 2. g3 e5 3. Bg2 f5 4. Nc3 Nf6 5. d3 Bb4 6. Bd2 O-O 7. Nd5 a5 8. e3 e4
9. Bxb4 axb4 10. d4 Nxd5 11. cxd5 Ne7 12. d6 cxd6 13. Qb3+ Kh8 14. Qxb4 Nd5 15.
Qd2 b6 16. Ne2 Ba6 17. O-O h5 18. f4 g5 19. Rf2 h4 20. Nc3 hxg3 21. hxg3 Nf6
22. Bh3 g4 23. Bf1 Bxf1 24. Raxf1 Kg7 25. Rh2 Qc7 26. Kf2 Rh8 27. Rfh1 Rxh2+
28. Rxh2 Qc4 29. Rh1 b5 30. a3 b4 31. axb4 Qxb4 32. Qc2 Rb8 33. Rb1 Rh8 34. Kg2
Qb8 35. Rh1 Rc8 36. Kg1 Qb6 37. Kf2 Rb8 38. Na4 Qb3 39. Qxb3 Rxb3 40. Ra1 Nd5
41. Ra3 Rb8 42. Kg2 Kf7 43. Kf2 Ke6 44. Kg1 1/2-1/2

[Event "XtraCon-Skakligaen"]
[Site "Denmark"]
[Date "2008.12.07"]
[Round "3.4"]
[White "Carstensen, Jacob"]
[Black "Hutters, Tomas"]
[Result "0-1"]
[WhiteElo "2298"]
[BlackElo "2413"]
[PlyCount "62"]
[EventDate "2008.11.01"]
[EventType "team-tourn"]
[EventRounds "9"]
[EventCountry "DEN"]
[WhiteTeam "Bronshoj"]
[BlackTeam "Helsinge"]
[WhiteTeamCountry "DEN"]
[BlackTeamCountry "DEN"]

1. d4 Nf6 2. c4 g6 3. Nc3 Bg7 4. e4 d6 5. Nf3 O-O 6. Be2 c5 7. d5 e6 8. dxe6
Bxe6 9. O-O Nc6 10. Bf4 Qb6 11. Rb1 Ne8 12. Qd2 Bg4 13. Bh6 Qd8 14. Rfd1 Bxf3
15. Bxf3 Nd4 16. Nb5 Bxh6 17. Qxh6 Nxb5 18. cxb5 Qe7 19. Rd3 Nc7 20. e5 Qxe5
21. Bxb7 Rab8 22. Bc6 Nxb5 23. Bxb5 Rxb5 24. Qd2 c4 25. Rd4 Rfb8 26. g3 Qf5 27.
Rd1 Rxb2 28. Qe3 c3 29. Rf4 c2 30. Rc1 Qd5 31. Rd4 Qc6 0-1

[Event "XtraCon-Skakligaen"]
[Site "Denmark"]
[Date "2008.12.07"]
[Round "3.5"]
[White "Bekker Jensen, Simon"]
[Black "Palm, Nikolaj"]
[Result "0-1"]
[WhiteElo "2410"]
[BlackElo "2239"]
[PlyCount "81"]
[EventDate "2008.11.01"]
[EventType "team-tourn"]
[EventRounds "9"]
[EventCountry "DEN"]
[WhiteTeam "Helsinge"]
[BlackTeam "Bronshoj"]
[WhiteTeamCountry "DEN"]
[BlackTeamCountry "DEN"]

1. d4 d5 2. c4 e6 3. g3 Nf6 4. Bg2 Be7 5. Nc3 O-O 6. cxd5 exd5 7. Bg5 c6 8. e3
Bf5 9. f3 Nbd7 10. g4 Be6 11. Nge2 Ne8 12. Bxe7 Qxe7 13. O-O Nd6 14. Qd3 f5 15.
h3 Rae8 16. Rae1 Bf7 17. Nd1 fxg4 18. hxg4 Qh4 19. Nf2 Nc4 20. Nf4 Qh6 21. N2h3
g5 22. b3 gxf4 23. bxc4 dxc4 24. Qf5 Be6 25. Qb1 fxe3 26. Qxb7 Qg7 27. Qxa7 Bd5
28. Re2 Re7 29. Qa3 Rfe8 30. Qc3 c5 31. Rd1 Bf7 32. Qb2 cxd4 33. Rxd4 Ne5 34.
Re4 Bg6 35. R4xe3 Nxf3+ 36. Bxf3 Rxe3 37. Bd5+ Kh8 38. Qxg7+ Kxg7 39. Rxe3 Rxe3
40. Nf4 c3 41. Kf2 0-1

[Event "XtraCon-Skakligaen"]
[Site "Denmark"]
[Date "2008.12.07"]
[Round "3.6"]
[White "Petersen, Steen"]
[Black "Fries Nielsen, Niels Jorgen"]
[Result "1-0"]
[WhiteElo "2135"]
[BlackElo "2393"]
[PlyCount "70"]
[EventDate "2008.11.01"]
[EventType "team-tourn"]
[EventRounds "9"]
[EventCountry "DEN"]
[WhiteTeam "Bronshoj"]
[BlackTeam "Helsinge"]
[WhiteTeamCountry "DEN"]
[BlackTeamCountry "DEN"]

1. e4 c5 2. Nf3 Nc6 3. Nc3 g6 4. d4 cxd4 5. Nxd4 Bg7 6. Be3 Nf6 7. Bc4 O-O 8.
h3 Qa5 9. O-O Qb4 10. Bb3 d6 11. a3 Qa5 12. Qd3 Bd7 13. Rad1 Rac8 14. f4 Rfe8
15. Nf3 Nd8 16. e5 Nh5 17. g4 Ng3 18. Rfe1 Rxc3 19. bxc3 Bb5 20. c4 Bc6 21. Bf2
dxe5 22. fxe5 Ne4 23. Rxe4 Bxe4 24. Qxe4 Nc6 25. c5 Rf8 26. a4 Qc7 27. Qd5 h6
28. Qd7 Qb8 29. Qd3 Kh7 30. Qe4 Qc7 31. g5 e6 32. gxh6 Bxh6 33. Bh4 Ne7 34.
Bxe7 Qxe7 35. Qd4 Rc8 1-0

[Event "XtraCon-Skakligaen"]
[Site "Denmark"]
[Date "2008.12.07"]
[Round "3.7"]
[White "Andersson, Bjorn"]
[Black "Brinck Claussen, Bjorn"]
[Result "1/2-1/2"]
[WhiteElo "2286"]
[BlackElo "2209"]
[PlyCount "63"]
[EventDate "2008.11.01"]
[EventType "team-tourn"]
[EventRounds "9"]
[EventCountry "DEN"]
[WhiteTeam "Helsinge"]
[BlackTeam "Bronshoj"]
[WhiteTeamCountry "DEN"]
[BlackTeamCountry "DEN"]

1. e4 e6 2. d4 d5 3. e5 c5 4. c3 Nc6 5. Nf3 Bd7 6. a3 c4 7. b4 f5 8. Nbd2 Nh6
9. h4 Qc7 10. a4 Nd8 11. Be2 Nhf7 12. Ng5 Nxg5 13. hxg5 Nf7 14. Nf3 Be7 15. Bf4
O-O-O 16. Qd2 Rdg8 17. Rh3 Qd8 18. Rg3 g6 19. Bd1 h6 20. Ke2 hxg5 21. Nxg5 Nxg5
22. Bxg5 Rh5 23. f4 Bxg5 24. Rxg5 Rxg5 25. fxg5 Rh8 26. Qf4 Rh1 27. Rc1 Qh8 28.
Kf2 Rh4 29. Qf3 Qd8 30. Qg3 Rh1 31. Qf4 Qh8 32. a5 1/2-1/2